|
|
|
|
| LEADER |
01166nam a2200265 u 4500 |
| 001 |
10004597 |
| 003 |
upatras |
| 005 |
20210117203649.0 |
| 008 |
881025s1996 gr gre |
| 040 |
|
|
|a GR-PaULI
|c GR-PaULI
|
| 041 |
0 |
|
|a gre
|
| 082 |
0 |
4 |
|a 889.108
|
| 082 |
0 |
4 |
|a 889.17
|
| 100 |
1 |
|
|a Σέργιος, Κώστας
|9 113095
|
| 245 |
1 |
0 |
|a Αίσθηση χώρου
|c Κώστα Σεργίου
|
| 260 |
|
|
|a Πάτρα
|b [χ.ε.]
|c 1996
|
| 300 |
|
|
|a 60 σ.
|c 25 εκ.
|
| 650 |
|
4 |
|a Ελληνική ποίηση
|x Συλλογές
|9 58064
|
| 852 |
|
|
|a GR-PaULI
|b ΠΑΤΡΑ
|b ΒΚΠ
|b ΒΣ2
|k ΑΣΧΕ
|h 889.108 Σ
|m 14531
|p 025000059979
|t 1
|
| 852 |
|
|
|a GR-PaULI
|b ΠΑΤΡΑ
|b ΘΕΑΤΡΟΛΟΓΙΑ
|k ΑΣΧΕ-3
|h 889.17 ΣΕΡ
|m 007583
|p 025000137736
|t 2
|
| 942 |
|
|
|2 ddc
|c BK15
|
| 952 |
|
|
|0 0
|1 0
|4 0
|6 889_108000000000000_Σ
|7 0
|9 121948
|a LISP
|b LISP
|c BSC
|d 2016-04-24
|i 14531
|l 0
|o 889.108 Σ
|p 025000059979
|r 2016-04-24 00:00:00
|t 1
|w 2016-04-24
|y BK15
|
| 952 |
|
|
|0 0
|1 0
|4 0
|6 889_170000000000000_ΣΕΡ
|7 0
|9 121949
|a THST
|b THST
|d 2016-04-24
|i 007583
|l 0
|o 889.17 ΣΕΡ
|p 025000137736
|r 2016-04-24 00:00:00
|t 2
|w 2016-04-24
|y BK15
|
| 998 |
|
|
|c ΗΛΙΟΠΟΥΛΟΥ
|d 2001-11
|
| 999 |
|
|
|c 80517
|d 80517
|